Normal view MARC view

Entry Topical Term

Number of records used in: 2

001 - CONTROL NUMBER

  • control field: 86798

003 - CONTROL NUMBER IDENTIFIER

  • control field: BDCtgAUW

005 - DATE AND TIME OF LATEST TRANSACTION

  • control field: 20260127111845.0

008 - FIXED-LENGTH DATA ELEMENTS

  • fixed length control field: 260127|| aca||aabn | a|a d

040 ## - CATALOGING SOURCE

  • Original cataloging agency: BDCtgAUW
  • Transcribing agency: BDCtgAUW

150 ## - HEADING--TOPICAL TERM

  • Topical term or geographic name entry element: Mice
  • Form subdivision: Fiction

670 ## - SOURCE DATA FOUND

  • Source citation: Work cat.: (BDCtgAUW)10336: Bearn, Emily. 62329, Tumtum & nutmeg :, 2009.